Agilní přístupy vývoje produktu a řízení projektu : komplexně, prakticky a dle světové praxe /

Na minha lista:
Detalhes bibliográficos
Autor principal: Doležal, Jan (Author)
Formato: Livro
Idioma:tcheco
Publicado em: Praha Grada 2022
Edição:1. vyd.
Assuntos:
Tags: Adicionar Tag
Sem tags, seja o primeiro a adicionar uma tag!

MARC

LEADER 00000nam a22000003a 4500
001 0098689
003 SK-STU
005 20221129095315.1
007 ta
008 221129s ----xo-----e------000-0-----d
020 |a 978-80-271-3705-3 
040 |a STU  |b slo 
041 0 |a cze 
044 |a xr 
100 1 |a Doležal, Jan  |4 aut 
245 1 0 |a Agilní přístupy vývoje produktu a řízení projektu :  |b komplexně, prakticky a dle světové praxe /  |c aut. Jan Doležal 
250 |a 1. vyd. 
260 |a Praha  |b Grada  |c 2022 
300 |a 191 s. 
650 0 7 |a riadenie projektov 
996 |b 284M089175  |c M* 14666-1  |l MMST  |s A  |a 24  |w 0098689_0001 
996 |b 284M089176  |c M* 14666-2  |l MMST  |s A  |a 24  |w 0098689_0002